LEADER 00588nas a2200169 i 4500 001 000000021704 003 CaOOAMICUS 005 20190121093624.0 008 180830s2008 it u0 ita u 040 $aSeMil$bita 245 10$aFormazione e teologia. 260 $aTrapani :$bIl pozzo di Giacobbe,$c2008. 300 $av. ;$c22 cm. 700 1 $aTorcivia, Carmelo,$c.$0(OLS)http://semarc/name/9716 996 $6245$aFormazione e teologia$9(OLS)http://semarc/title/28784 996 $6260$aTrapani :$bIl pozzo di Giacobbe$9(OLS)http://semarc/publisher/31941 LEADER 00909nam a2200217 i 4500 001 000000195056 003 CaOOAMICUS 005 20101130000000.0 008 101130s1979 it u000 u ita u 013 $a173717 040 $aSeMil$bita 100 1 $aPitrč, Giuseppe <1841-1916>.$0(OLS)http://semarc/name/44002 245 10$aFeste patronali in Sicilia /$cDescritte da Giuseppe Pitrč. 260 $aBologna :$bArnaldo Forni,$cstampa 1979. 300 $aLXIV, 572 p., [24] p. di tav. ;$c22 cm. 500 $aIn mezzo al front : (Con 24 illustrazioni). Volume Unico. 650 4$aGrano - Trebbiatura - Sicilia.$0(OLS)http://semarc/subject/36619 850 $aSeMil 852 $aSeMil$W1$xVenegono$y1$m3K II 336$j145625$B145625$CSeMilBibl$Z2$F157203 $81 996 $6245$aFeste patronali in Sicilia$9(OLS)http://semarc/title/281303 996 $6260$aBologna :$bArnaldo Forni$9(OLS)http://semarc/publisher/44591